MESTSKÁ KNIŽNICA GIRALTOVCE  - online katalóg 

Normal view MARC view

Entry Personal Name

Number of records used in: 1

001 - CONTROL NUMBER

  • control field: 5130

003 - CONTROL NUMBER IDENTIFIER

  • control field: OSt

005 - DATE AND TIME OF LATEST TRANSACTION

  • control field: 20251024081626.0

008 - FIXED-LENGTH DATA ELEMENTS

  • fixed length control field: 251024|| aca||aabn | a|a d

040 ## - CATALOGING SOURCE

  • Original cataloging agency: OSt
  • Transcribing agency: OSt

100 ## - HEADING--PERSONAL NAME

  • Personal name: Leňová Burešová, Eva

670 ## - SOURCE DATA FOUND

  • Source citation: Work cat.: (OSt)0: Peavy, R. Vance, 1929-2002 5127, Sociodynamické poradenství, 2013

Powered by Koha